Catálogo público

Mecánica vectorial para ingenieros / (Record no. 104160)

MARC details
000 -CABECERA
campo de control de longitud fija 01171nam a2200373 a 4500
001 - NÚMERO DE CONTROL
campo de control 000107698
003 - IDENTIFICADOR DEL NÚMERO DE CONTROL
campo de control CHAP
005 - FECHA Y HORA DE LA ÚLTIMA TRANSACCIÓN
campo de control 20220329143940.0
008 - DATOS DE LONGITUD FIJA--INFORMACIÓN GENERAL
campo de control de longitud fija 131016s2013 mx a |r| |||||||spa d
010 ## - NÚMERO DE CONTROL DE LA BIBLIOTECA DEL CONGRESO
Número de control de LC 104160
011 ## - ENLACE DEL NUMERO DE CONTROL DE LA BIBLIOTECA DEL CONGRESO [OBSOLETO]
Número de control de LC 105132
020 ## - NÚMERO INTERNACIONAL ESTÁNDAR DEL LIBRO
Número Internacional Estándar del Libro 9786071509253
040 ## - FUENTE DE LA CATALOGACIÓN
Centro/agencia transcriptor CHAP
082 04 - NÚMERO DE LA CLASIFICACIÓN DECIMAL DEWEY
Número de clasificación 531
Número de documento/Ítem B44y 2013
100 00 - ENTRADA PRINCIPAL--NOMBRE DE PERSONA
Nombre de persona Beer, Ferdinand P.
9 (RLIN) 11260
245 10 - MENCIÓN DE TÍTULO
Título Mecánica vectorial para ingenieros /
Mención de responsabilidad, etc. por Ferdinand P. Beer, E. Russell Jhnston Jr., David F. Mazurek. y Brian P. Self.
250 ## - MENCIÓN DE EDICIÓN
Mención de edición 10 ed.
260 ## - PUBLICACIÓN, DISTRIBUCIÓN, ETC.
Lugar de publicación, distribución, etc. México, D. F. :
Nombre del editor, distribuidor, etc. McGraw-Hil,
Fecha de publicación, distribución, etc. 2013.
300 ## - DESCRIPCIÓN FÍSICA
Extensión 2 v. :
Otras características físicas il.
505 0# - NOTA DE CONTENIDO CON FORMATO
Nota de contenido con formato Contenido : v.1 Estática v.2 Dinámica
534 ## - NOTA SOBRE LA VERSIÓN ORIGINAL
Frase introductoria Tít. original :
Mención de título del original Vector mechanics for engineers
590 ## - NOTA LOCAL (RLIN)
Nota local E11695DGD
Procedencia (VM) [OBSOLETO] 10
Condición del los carretes individuales (VM) [OBSOLETO] 20131016
-- UCH01
-- 1024
590 ## - NOTA LOCAL (RLIN)
Nota local E11695DGD
Procedencia (VM) [OBSOLETO] 10
Condición del los carretes individuales (VM) [OBSOLETO] 20131016
-- UCH01
-- 1030
590 ## - NOTA LOCAL (RLIN)
Nota local E11695DGD
Procedencia (VM) [OBSOLETO] 10
Condición del los carretes individuales (VM) [OBSOLETO] 20131016
-- UCH01
-- 1056
650 14 - PUNTO DE ACCESO ADICIONAL DE MATERIA--TÉRMINO DE MATERIA
Término de materia o nombre geográfico como elemento de entrada Análisis vectorial
9 (RLIN) 5995
650 14 - PUNTO DE ACCESO ADICIONAL DE MATERIA--TÉRMINO DE MATERIA
Término de materia o nombre geográfico como elemento de entrada Dinámica.
9 (RLIN) 32626
650 14 - PUNTO DE ACCESO ADICIONAL DE MATERIA--TÉRMINO DE MATERIA
Término de materia o nombre geográfico como elemento de entrada Estática.
9 (RLIN) 38334
650 14 - PUNTO DE ACCESO ADICIONAL DE MATERIA--TÉRMINO DE MATERIA
Término de materia o nombre geográfico como elemento de entrada Ingeniería mecánica.
9 (RLIN) 58260
700 0# - PUNTO DE ACCESO ADICIONAL--NOMBRE DE PERSONA
Nombre de persona Johnston, E. Russell.
9 (RLIN) 61892
700 1# - PUNTO DE ACCESO ADICIONAL--NOMBRE DE PERSONA
Nombre de persona Mazurek, David F.
9 (RLIN) 124426
901 ## - ELEMENTOS DE DATOS A LOCAL LDA (RLIN)
a BK
942 ## - ELEMENTOS DE PUNTO DE ACCESO ADICIONAL (KOHA)
Tipo de ítem Koha Libro
942 ## - ELEMENTOS DE PUNTO DE ACCESO ADICIONAL (KOHA)
Suprimir en OPAC 0
Holdings
Estado de retiro Estado de pérdida Fuente del sistema de clasificación o colocación Estado dañado Restricciones de uso No para préstamo Código de colección Localización permanente Ubicación/localización actual Ubicación en estantería Fecha de adquisición Información codificada de la localización en otra ubicación Total de préstamos Renovaciones totales Signatura topográfica completa Código de barras Fecha visto por última vez Fecha del último préstamo Precio válido a partir de Tipo de ítem Koha Número de copia En préstamo
    Dewey Decimal Classification   Préstamo 15 días   General Biblioteca Central Biblioteca Central Planta alta - Colección General 16/10/2013 LIBRO 5 4 531 B44y 2013 v.1 33724002386470 30/06/2025 17/06/2025 31/12/2019 Libro    
    Dewey Decimal Classification   Préstamo 15 días   General Biblioteca Central Biblioteca Central Planta alta - Colección General 16/10/2013 LIBRO 4 4 531 B44y 2013 v.1 33724002386512 09/12/2024 04/12/2024 31/12/2019 Libro c.2  
    Dewey Decimal Classification   Préstamo 15 días   General Biblioteca Central Biblioteca Central Planta alta - Colección General 16/10/2013 LIBRO 6 5 531 B44y 2013 v.1 33724002386595 19/06/2025 03/12/2024 31/12/2019 Libro c.3  
    Dewey Decimal Classification   Préstamo 15 días   General Biblioteca Central Biblioteca Central Planta alta - Colección General 16/10/2013 LIBRO 5   531 B44y 2013 v.2 33724002386439 16/04/2026 16/04/2026 31/12/2019 Libro c.3 04/05/2026
    Dewey Decimal Classification   Préstamo 15 días   General Biblioteca Central Biblioteca Central Planta alta - Colección General 16/10/2013 LIBRO 7 2 531 B44y 2013 v.2 33724002386553 07/11/2025 22/10/2025 31/12/2019 Libro c.2  
    Dewey Decimal Classification   Préstamo 15 días   General Biblioteca Central Biblioteca Central Planta alta - Colección General 16/10/2013 LIBRO 7   531 B44y 2013 v.2 33724002389561 22/04/2026 22/04/2026 31/12/2019 Libro   07/05/2026